Statystyki dla Czy znasz wszystkie postacie z garten of banban

Kliknij tutaj aby rozwiązać quiz!

Ogólne statystyki

  • Ten quiz został rozwiązany 241 razy
    (45 od ostatniego zresetowania)
  • Średni wynik to 6 z 44

Statystyki odpowiedzi

Odpowiedź% Poprawnych
Banban
96%
Nabnab
41%
Stinger Flynn
41%
Zolphius
41%
Banbaleena
33%
Opila Bird
33%
Sheriff Toadster
33%
Tarta Bird
33%
Nabnaleena
30%
Jumbo Josh
26%
Opila Chick
26%
Tarta Chick
26%
Tamataki & Chamataki
22%
Mr. Kabob Man
19%
Slow Seline
19%
Evil Banban
11%
Hellish Nabnab
11%
Queen Bouncelia
11%
The BitterGiggle
11%
Kittysaurus
7%
Little Beak
7%
Syringeon
7%
The Nanny
7%
Cyan And Yellow Jester
4%
Givanium Infants
4%
Green And Coral Jester
4%
Pink And Cyan Jester
4%
Sir Dadadoo
4%
The Naughty One
4%
Unnamed Marionette
4%
Captain Fiddles Aqua
0%
Captain Fiddles Brown
0%
Captain Fiddles Forest
0%
Captain Fiddles Magenta
0%
Captain Fiddles Orange
0%
Captain Fiddles Red
0%
Captain Fiddles Violent
0%
Captain Fiddles Yellow
0%
Charles
0%
Giant Captain Fiddles Cyan
0%
Lime And Pink Jester
0%
Orange And Sapphire Jester
0%
Teal And Orange Jester
0%
Yellow And Violet Jester
0%

Rozkład punktacji

Percentyl według liczby udzielonych odpowiedzi

Procent ludzi z każdym wynikiem

Twoja historia wyników

Nie rozwiązałeś tego quizu od ostatniego zresetowania